Statistics for Cities in Ticket to Ride Europe

Click here to take the quiz!

General Stats

  • This quiz has been taken 68 times
  • The average score is 31 of 47

Answer Stats

CountryCity% Correct
NetherlandsAmsterdam
92%
GreeceAthina
91%
SpainMadrid
91%
FranceParis
91%
SpainBarcelona
89%
GermanyBerlin
89%
ItalyRoma
89%
RussiaMoskva
87%
UKLondon
85%
SwedenStockholm
85%
BelgiumBruxelles
83%
Ottoman EmpireConstantinople
83%
UKEdinburgh
83%
RussiaPetrograd
81%
Austria-HungaryBudapest
79%
GermanyMunchen
79%
Austria-HungaryWien
79%
RomaniaBucharesti
77%
FranceMarseille
77%
SwitzerlandZurich
75%
GermanyFrankfurt
74%
SpainLisboa
74%
BulgariaSofia
72%
Ottoman EmpireAngora
70%
ItalyPalermo
66%
GreeceSarajevo
60%
ItalyVenezia
60%
SpainCadiz
55%
GermanyEssen
55%
FranceBrest
53%
SwedenKobenhavn
53%
RussiaKyiv
53%
RussiaWarszawa
53%
GermanyDanzig
49%
SpainPamplona
49%
RussiaRiga
49%
RussiaRostov
49%
BosniaZagrab
49%
Ottoman EmpireSmyrna
47%
RussiaWilno
43%
ItalyBrindisi
42%
RussiaSochi
40%
FranceDieppe
38%
Ottoman EmpireErzurum
36%
RussiaSmolensk
34%
RussiaSevastopol
32%
RussiaKharkov
30%

Score Distribution

Percentile by Number Answered

Percent of People with Each Score

Your Score History

You have not taken this quiz